Pokémon Paradoxe,Écarlate et violet - Statistiques

Statistiques générales
  • Ce quiz a été pris 40 fois
  • Le résultat moyen est 17 sur 22
Statistiques - réponses
Hint Réponse % Correct
1006 Garde-de-Fer
94%
991 Hotte-de-Fer
91%
990 Roue-de-Fer
91%
1010 Vert-de-Fer
84%
984 Fort-Ivoire
81%
985 Hurle-Queue
81%
994 Mite-de-Fer
81%
992 Paume-de-Fer
81%
1005 Rugit-Lune
81%
993 Têtes-de-Fer
81%
995 Épine-de-Fer
78%
987 Flotte-Mèche
78%
1021 Ire-Foudre
78%
1008 Miraidon
78%
1009 Serpente-Eau
78%
1007 Koraidon
75%
1023 Chef-de-Fer
72%
1020 Feu-Perçant
72%
1022 Roc-de-Fer
72%
986 Fongus-Furie
69%
989 Pelage-Sablé
69%
988 Rampe-Ailes
69%
Aucun quiz correspondant
Distribution des résultats
% des personnes avec chaque résultat
Percentile par nombre de réponses
Votre historique - résultats
Vous n’avez pas pris ce quiz